हिन्दी भाषा की आधुनिक प्रामाणिक वर्तनी / (Record no. 50007)
[ view plain ]
| 000 -LEADER | |
|---|---|
| fixed length control field | 01234nam a22002777a 4500 |
| 005 - DATE AND TIME OF LATEST TRANSACTION | |
| control field | 20101206113148.0 |
| 008 - FIXED-LENGTH DATA ELEMENTS--GENERAL INFORMATION | |
| fixed length control field | 101206t xxu||||| |||| 00| 0 hin d |
| 010 ## - LCCN (DPL NO) | |
| LC control number | HIN-91571 |
| 020 ## - INTERNATIONAL STANDARD BOOK NUMBER | |
| Terms of availability | 125.00 |
| International Standard Book Number | 9788178061986 |
| 035 ## - SYSTEM CONTROL NUMBER | |
| System control number | HN-63917 |
| 037 ## - SOURCE OF ACQUISITION | |
| Source of stock number/acquisition | DBAD/PUB |
| 040 ## - CATALOGING SOURCE | |
| Original cataloging agency | DPL |
| Language of cataloging | HN |
| 100 ## - MAIN ENTRY--PERSONAL NAME | |
| 9 (RLIN) | 24598 |
| Personal name | शुक्ल, सच्चिदानन्द |
| 245 ## - TITLE STATEMENT | |
| Title | हिन्दी भाषा की आधुनिक प्रामाणिक वर्तनी / |
| Statement of responsibility, etc | सच्चिदानन्द शुक्ल |
| 246 ## - VARYING FORM OF TITLE | |
| Title proper/short title | hindi bhasha ki aadhunik pramanik varatni |
| 260 ## - PUBLICATION, DISTRIBUTION, ETC. (IMPRINT) | |
| Place of publication, distribution, etc | नई दिल्ली |
| Name of publisher, distributor, etc | यूनीकॉर्न बुक्स |
| Date of publication, distribution, etc | 2010 |
| 270 ## - ADDRESS | |
| Address | एफ-2/16, अंसारी रोड, दरियागंज |
| City | नई दिल्ली |
| Postal code | 110002 |
| Telephone number | 23275434 |
| Fax number | 011- 23257790 |
| Electronic mail address | unicornbooks@vsnl.com |
| 300 ## - PHYSICAL DESCRIPTION | |
| Extent | 127पृ. |
| Dimensions | 22सेमी (अजिल्द) |
| 650 ## - SUBJECT ADDED ENTRY--TOPICAL TERM | |
| 9 (RLIN) | 1169 |
| 700 ## - ADDED ENTRY--PERSONAL NAME | |
| 9 (RLIN) | 24599 |
| 700 ## - ADDED ENTRY--PERSONAL NAME | |
| 9 (RLIN) | 25390 |
| 700 ## - ADDED ENTRY--PERSONAL NAME | |
| 9 (RLIN) | 25450 |
| 700 ## - ADDED ENTRY--PERSONAL NAME | |
| 9 (RLIN) | 25451 |
| 942 ## - ADDED ENTRY ELEMENTS (KOHA) | |
| Source of classification or shelving scheme | Dewey Decimal Classification |
| Item type | Hindi Books |
| Call number suffix | 425शुक्लस |
| Withdrawn status | Lost status | Source of classification or shelving scheme | Damaged status | Not for loan | Collection code | Home library | Current library | Date acquired | Source of acquisition | Cost, normal purchase price | Total Checkouts | Full call number | Barcode | Date last seen | Copy number | Cost, replacement price | Koha item type |
|---|---|---|---|---|---|---|---|---|---|---|---|---|---|---|---|---|---|
| Dewey Decimal Classification | Not For Loan | Non-fiction | D.B.Act.Division | D.B.Act.Division | 21/01/2011 | DBAD /PUB | 125.00 | 425शुक्लस | HN-63917 | 21/01/2011 | 1 | 125.00 | Hindi Books |
